[Event "Rosario Bandera Memorial"]
[Site "Rosario"]
[Date "2017.06.18"]
[Round "4"]
[White "Bianchi, Augusto"]
[Black "Rojas, Alejo"]
[Result "1-0"]
[WhiteElo "1929"]
[BlackElo "1458"]
[PlyCount "73"]
[EventDate "2017.06.17"]
[EventType "swiss"]
[EventRounds "7"]
[EventCountry "ARG"]
[SourceTitle "CBM 179 Extra"]
[Source "ChessBase"]
[SourceDate "2017.08.23"]
[SourceVersion "1"]
[SourceVersionDate "2017.08.23"]
[SourceQuality "1"]

1. c4 Nf6 2. Nc3 g6 3. Nf3 Bg7 4. e4 d6 5. d4 0-0 6. Be2 Nbd7 7. 0-0 e5 8. Re1 Re8 9. Bf1 Kh8 10. Ng5 Re7 11. dxe5 Nxe5 12. c5 h6 13. cxd6 cxd6 14. Nf3 Bg4 15. Be2 Rc8 16. Nxe5 Bxe2 17. Nxf7+ Rxf7 18. Qxe2 d5 19. e5 Re7 20. exf6 Rxe2 21. fxg7+ Kxg7 22. Rxe2 d4 23. Ne4 d3 24. Re1 Rc2 25. Bd2 Kf7 26. Bc3 Qe7 27. Rad1 Re2 28. f3 Qc7 29. Rxe2 dxe2 30. Re1 Qb6+ 31. Kh1 Qe3 32. Ng3 h5 33. Rxe2 Qc1+ 34. Re1 Qf4 35. Ne4 g5 36. Bd2 Qh4 37. g3 1-0

[Event "Rosario Bandera Memorial"]
[Site "Rosario"]
[Date "2017.06.17"]
[Round "2"]
[White "Bianchi, Augusto"]
[Black "Zapata Charles, Santiago"]
[Result "0-1"]
[WhiteElo "1929"]
[BlackElo "2318"]
[PlyCount "74"]
[EventDate "2017.06.17"]
[EventType "swiss"]
[EventRounds "7"]
[EventCountry "ARG"]
[SourceTitle "CBM 179 Extra"]
[Source "ChessBase"]
[SourceDate "2017.08.23"]
[SourceVersion "1"]
[SourceVersionDate "2017.08.23"]
[SourceQuality "1"]

1. e4 c5 2. Nf3 e6 3. d4 d5 4. exd5 exd5 5. Be3 c4 6. g3 Nf6 7. Bg2 Bb4+ 8. c3 Bd6 9. 0-0 Nc6 10. b3 cxb3 11. axb3 h6 12. c4 0-0 13. Nc3 Be6 14. c5 Bc7 15. Nb5 Bb8 16. h3 Qd7 17. Kh2 Ne4 18. Qc1 Ne7 19. Nc3 Ng6 20. Ne2 Rc8 21. Nf4 Nxf4 22. Bxf4 b6 23. Bxb8 Raxb8 24. Ne5 Qb5 25. Rxa7 bxc5 26. Qf4 Nf6 27. Rb1 Qb6 28. Ra4 c4 29. b4 c3 30. Nd3 Nd7 31. Qc1 Qxd4 32. Qc2 Bf5 33. Rd1 Ne5 34. Bf1 Be4 35. Nxe5 Bxc2 36. Rxd4 Bxa4 37. Nd3 Bb5 0-1

[Event "Buenos Aires Duchamp Memorial op 5th"]
[Site "Buenos Aires"]
[Date "2013.03.24"]
[Round "1"]
[White "Tristan, Leonardo"]
[Black "Bianchi, Augusto"]
[Result "1-0"]
[WhiteElo "2457"]
[BlackElo "1946"]
[PlyCount "45"]
[EventDate "2013.03.23"]
[EventType "swiss"]
[EventRounds "8"]
[EventCountry "ARG"]
[SourceTitle "CBM 153 Extra"]
[Source "ChessBase"]
[SourceDate "2013.04.22"]
[SourceVersion "1"]
[SourceVersionDate "2013.04.22"]
[SourceQuality "1"]

1. d4 Nf6 2. Bg5 Ne4 3. Bf4 d5 4. f3 Nf6 5. Nc3 c6 6. e4 Qa5 7. Qd3 Na6 8. Nge2 e6 9. Nc1 Be7 10. Nb3 Qb6 11. 0-0-0 0-0 12. Be2 Bd7 13. g4 c5 14. dxc5 Nxc5 15. Nxc5 Bxc5 16. e5 Ne8 17. Kb1 Nc7 18. Bc1 f6 19. exf6 Rxf6 20. f4 Bc6 21. Bf3 Rd8 22. Rhe1 Nb5 23. Na4 1-0

[Event "Buenos Aires Duchamp Memorial op 4th"]
[Site "Buenos Aires"]
[Date "2012.10.31"]
[Round "9"]
[White "Paz, Mario"]
[Black "Bianchi, Augusto"]
[Result "0-1"]
[WhiteElo "1764"]
[BlackElo "1903"]
[PlyCount "40"]
[EventDate "2012.10.22"]
[EventType "swiss"]
[EventRounds "9"]
[EventCountry "ARG"]
[SourceTitle "EXT 2013"]
[Source "ChessBase"]
[SourceDate "2012.11.22"]
[SourceVersion "1"]
[SourceVersionDate "2012.11.22"]
[SourceQuality "1"]

1. d4 Nf6 2. Nf3 g6 3. c4 c5 4. e3 Bg7 5. Nc3 0-0 6. Be2 d6 7. 0-0 Nbd7 8. b3 a6 9. Bb2 Re8 10. Rc1 cxd4 11. exd4 Bh6 12. Ra1 Nh5 13. g3 Ndf6 14. Bc1 Bg7 15. Re1 Qd7 16. Ng5 b5 17. Nce4 Bb7 18. Nxf6+ Nxf6 19. Be3 bxc4 20. bxc4 Rec8 0-1

[Event "American Continental 08th"]
[Site "Mar del Plata"]
[Date "2012.10.16"]
[Round "6"]
[White "Ferreira, Kleber Victor"]
[Black "Bianchi, Augusto"]
[Result "1-0"]
[WhiteElo "2121"]
[BlackElo "1903"]
[PlyCount "61"]
[EventDate "2012.10.12"]
[EventType "swiss"]
[EventRounds "11"]
[EventCountry "ARG"]
[SourceTitle "EXT 2013"]
[Source "ChessBase"]
[SourceDate "2012.11.22"]
[SourceVersion "1"]
[SourceVersionDate "2012.11.22"]
[SourceQuality "1"]

1. e4 d5 2. d4 dxe4 3. Nc3 Bf5 4. g4 Bg6 5. Nge2 Nc6 6. Be3 Nf6 7. Nf4 e5 8. Nxg6 hxg6 9. d5 Ne7 10. Bc4 Qd7 11. g5 Ng4 12. Qe2 Rh3 13. 0-0-0 Nxe3 14. Bb5 Nxd1 15. Bxd7+ Kxd7 16. Rxd1 Nf5 17. Qb5+ Kd8 18. Qxb7 Rc8 19. Nxe4 Rxh2 20. Qxa7 Rh4 21. Nc3 Be7 22. Kb1 Bxg5 23. a4 Kd7 24. Qb7 Nd6 25. Qc6+ Kd8 26. b3 Rb8 27. Ka2 Rb6 28. Qa8+ Kd7 29. a5 Nb5 30. Nxb5 Rxb5 31. Qc6+ 1-0

[Event "American Continental 08th"]
[Site "Mar del Plata"]
[Date "2012.10.15"]
[Round "5"]
[White "Bianchi, Augusto"]
[Black "Souza Neves, Andrey Marcelo"]
[Result "0-1"]
[WhiteElo "1903"]
[BlackElo "2147"]
[PlyCount "66"]
[EventDate "2012.10.12"]
[EventType "swiss"]
[EventRounds "11"]
[EventCountry "ARG"]
[SourceTitle "EXT 2013"]
[Source "ChessBase"]
[SourceDate "2012.11.22"]
[SourceVersion "1"]
[SourceVersionDate "2012.11.22"]
[SourceQuality "1"]

1. e4 c5 2. c3 d6 3. Nf3 Nf6 4. Be2 g6 5. 0-0 Bg7 6. Re1 0-0 7. Bf1 Nc6 8. h3 e5 9. d4 Qc7 10. a4 a6 11. Na3 exd4 12. cxd4 Re8 13. d5 Nb4 14. Bd3 Bd7 15. Nc4 b5 16. axb5 axb5 17. Rxa8 Rxa8 18. Na3 Rb8 19. Qe2 Nxd3 20. Qxd3 Ne8 21. Nd2 c4 22. Qe2 c3 23. bxc3 Qxc3 24. Qe3 Qxe3 25. Rxe3 Rc8 26. Nb3 b4 27. Nb1 Ba4 28. Bd2 Rc2 29. Bxb4 Rb2 30. N1d2 Bh6 31. Ba3 Ra2 32. Bc1 Bxe3 33. fxe3 Rc2 0-1

[Event "American Continental 08th"]
[Site "Mar del Plata"]
[Date "2012.10.14"]
[Round "3"]
[White "Bianchi, Augusto"]
[Black "Miranda, Roberto Calheiros J"]
[Result "0-1"]
[WhiteElo "1903"]
[BlackElo "2200"]
[PlyCount "58"]
[EventDate "2012.10.12"]
[EventType "swiss"]
[EventRounds "11"]
[EventCountry "ARG"]
[SourceTitle "EXT 2013"]
[Source "ChessBase"]
[SourceDate "2012.11.22"]
[SourceVersion "1"]
[SourceVersionDate "2012.11.22"]
[SourceQuality "1"]

1. e4 c5 2. c3 e6 3. d4 cxd4 4. cxd4 d5 5. Nc3 Nc6 6. Nf3 Bb4 7. e5 Qb6 8. Bd3 Bd7 9. a3 Bxc3+ 10. bxc3 Nge7 11. 0-0 h6 12. Bc2 Na5 13. Rb1 Qc7 14. Qd3 Rc8 15. Bb2 Nc4 16. Rfc1 Qa5 17. Bb3 b5 18. Qe2 0-0 19. Ne1 f6 20. Nd3 Qc7 21. exf6 Rxf6 22. Nc5 Rcf8 23. f3 Ng6 24. Bxc4 dxc4 25. Re1 Bc8 26. a4 Nf4 27. Qe5 Qf7 28. axb5 Nxg2 29. Rf1 Nh4 0-1

[Event "ARG-ch 86th"]
[Site "La Plata"]
[Date "2012.07.07"]
[Round "5"]
[White "Bianchi, Augusto"]
[Black "Fernandez, Maria Florencia"]
[Result "0-1"]
[WhiteElo "1899"]
[BlackElo "2150"]
[PlyCount "84"]
[EventDate "2012.07.04"]
[EventType "swiss"]
[EventRounds "11"]
[EventCountry "ARG"]
[SourceTitle "CBM 149 Extra"]
[Source "ChessBase"]
[SourceDate "2012.08.24"]
[SourceVersion "1"]
[SourceVersionDate "2012.08.24"]
[SourceQuality "1"]

1. e4 d6 2. d4 Nf6 3. Nc3 g6 4. Nf3 Bg7 5. Bc4 0-0 6. Qe2 c6 7. e5 dxe5 8. dxe5 Nd5 9. Bd2 Na6 10. 0-0 Bg4 11. Rad1 Nac7 12. Rfe1 Ne6 13. Nxd5 cxd5 14. Bc1 Nc7 15. h3 Be6 16. Ng5 Qd7 17. Qf3 Qc6 18. Bb3 a5 19. a4 Rad8 20. Nxe6 fxe6 21. Qg4 Rf5 22. f4 Rdf8 23. h4 Na6 24. Qe2 Nc5 25. Qb5 Qc7 26. g3 Kh8 27. Be3 Ne4 28. Kg2 Nxg3 29. Kxg3 Bxe5 30. Bb6 Bxf4+ 31. Kg2 Qb8 32. Rxe6 Bh6 33. Bd4+ Bg7 34. Bxg7+ Kxg7 35. Rxe7+ Kh6 36. Rd2 Rf3 37. Rxh7+ Kxh7 38. Qd7+ R8f7 39. Qg4 Qf8 40. Qd4 R7f4 41. Qxd5 Rg4+ 42. Kh1 Rh3+ 0-1

[Event "Wch U16"]
[Site "Caldas Novas"]
[Date "2011.11.18"]
[Round "1"]
[White "Kowsarinia, Amir"]
[Black "Bianchi, Augusto"]
[Result "0-1"]
[WhiteElo "2233"]
[BlackElo "1796"]
[PlyCount "82"]
[EventDate "2011.11.18"]
[EventType "swiss"]
[EventRounds "9"]
[EventCountry "BRA"]
[SourceTitle "EXT 2013"]
[Source "ChessBase"]
[SourceDate "2012.11.22"]
[SourceVersion "1"]
[SourceVersionDate "2012.11.22"]
[SourceQuality "1"]

1. d4 Nc6 2. c4 e5 3. d5 Nce7 4. Nc3 Nf6 5. e4 Ng6 6. g3 Bb4 7. Bg2 Bxc3+ 8. bxc3 d6 9. Ne2 Qe7 10. 0-0 h5 11. h4 b6 12. Bg5 a5 13. f4 Ba6 14. c5 bxc5 15. c4 Qd7 16. Qc2 Ng4 17. f5 Ne7 18. Rf3 Nc8 19. Ra3 Nb6 20. Rxa5 0-0 21. Rb1 Bxc4 22. Rxa8 Rxa8 23. Rxb6 Bxe2 24. Rb2 Ba6 25. a4 c6 26. a5 cxd5 27. exd5 Bc8 28. Bd2 Qxf5 29. Qxf5 Bxf5 30. Rb6 e4 31. Rxd6 e3 32. Bc3 e2 33. Rb6 Re8 34. Be1 c4 35. a6 c3 36. Rc6 c2 37. a7 Ra8 38. Bf3 Rxa7 39. Bxg4 hxg4 40. Kf2 Ra1 41. Bd2 e1Q+ 0-1

[Event "Buenos Aires Duchamp op 1st"]
[Site "Buenos Aires"]
[Date "2011.09.18"]
[Round "6"]
[White "Mazzoleni, Julio"]
[Black "Bianchi, Augusto"]
[Result "1-0"]
[WhiteElo "2040"]
[BlackElo "1802"]
[PlyCount "54"]
[EventDate "2011.09.12"]
[EventType "swiss"]
[EventRounds "9"]
[EventCountry "ARG"]
[SourceTitle "EXT 2014"]
[Source "ChessBase"]
[SourceDate "2013.11.20"]
[SourceVersion "1"]
[SourceVersionDate "2013.11.20"]
[SourceQuality "1"]

1. Nc3 e5 2. Nf3 Nc6 3. g3 d5 4. d3 Bg4 5. Bg2 Qd7 6. h3 Bf5 7. g4 Bg6 8. Nh4 Nge7 9. a3 f6 10. Nxg6 hxg6 11. b4 f5 12. e3 a6 13. Bd2 d4 14. exd4 Qxd4 15. Ne2 Qd7 16. Ng3 Nd5 17. gxf5 gxf5 18. Nxf5 Qxf5 19. Bxd5 Rxh3 20. Rxh3 Qxh3 21. Qf3 Qxf3 22. Bxf3 Nd4 23. Bh5+ Kd7 24. 0-0-0 a5 25. Kb2 axb4 26. axb4 Be7 27. c3 Nc6 1-0

[Event "Buenos Aires Duchamp op 1st"]
[Site "Buenos Aires"]
[Date "2011.09.17"]
[Round "5"]
[White "Bianchi, Augusto"]
[Black "Martinez de Negri, Agustin Gonzalo"]
[Result "0-1"]
[WhiteElo "1802"]
[BlackElo "2083"]
[PlyCount "45"]
[EventDate "2011.09.12"]
[EventType "swiss"]
[EventRounds "9"]
[EventCountry "ARG"]
[SourceTitle "EXT 2014"]
[Source "ChessBase"]
[SourceDate "2013.11.20"]
[SourceVersion "1"]
[SourceVersionDate "2013.11.20"]
[SourceQuality "1"]

1. e4 e6 2. d4 c5 3. c3 cxd4 4. cxd4 d5 5. exd5 Qxd5 6. Nc3 Qa5 7. Nf3 Nf6 8. Bd3 Nc6 9. 0-0 Bd7 10. Bf4 Be7 11. Re1 a6 12. Rc1 Rc8 13. Bb1 0-0 14. Ne5 Rfd8 15. a3 Qb6 16. Bg5 Be8 17. Nxc6 Bxc6 18. d5 Nxd5 19. Bxh7+ Kxh7 20. Qh5+ Kg8 21. Ne4 Nf6 22. Nxf6+ Bxf6 23. Bxf6 0-1

[Event "Buenos Aires Duchamp op 1st"]
[Site "Buenos Aires"]
[Date "2011.09.13"]
[Round "2"]
[White "Bianchi, Augusto"]
[Black "Paternoste, Martin"]
[Result "1-0"]
[WhiteElo "1802"]
[BlackElo "2063"]
[PlyCount "69"]
[EventDate "2011.09.12"]
[EventType "swiss"]
[EventRounds "9"]
[EventCountry "ARG"]
[SourceTitle "EXT 2014"]
[Source "ChessBase"]
[SourceDate "2013.11.20"]
[SourceVersion "1"]
[SourceVersionDate "2013.11.20"]
[SourceQuality "1"]

1. e4 g6 2. d4 Bg7 3. Nc3 c6 4. Bc4 d6 5. Be3 b5 6. Bb3 a5 7. a4 b4 8. Nce2 Nf6 9. f3 0-0 10. Qd2 Re8 11. Bh6 Bh8 12. h4 e5 13. 0-0-0 Qe7 14. g4 Bxg4 15. dxe5 Qxe5 16. Bf4 Qxb2+ 17. Kxb2 Nxe4+ 18. Kc1 Nxd2 19. Rxd2 Be6 20. Rxd6 Bxb3 21. cxb3 Ra7 22. Nd4 Rd7 23. Rxd7 Nxd7 24. Nde2 c5 25. Bc7 Be5 26. Bxe5 Nxe5 27. Kc2 c4 28. f4 Ng4 29. bxc4 Rc8 30. Kb3 Ne3 31. Nf3 Nxc4 32. Rc1 Nd2+ 33. Nxd2 Re8 34. Ng1 Re3+ 35. Kb2 1-0

[Event "Pan American-ch U16"]
[Site "Cali"]
[Date "2011.07.07"]
[Round "7"]
[White "Nunez, Dante"]
[Black "Bianchi, Augusto"]
[Result "1/2-1/2"]
[WhiteElo "1897"]
[BlackElo "1799"]
[PlyCount "28"]
[EventDate "2011.07.03"]
[EventType "swiss"]
[EventRounds "9"]
[EventCountry "COL"]
[SourceTitle "CBM 143 Extra"]
[Source "ChessBase"]
[SourceDate "2011.08.29"]
[SourceVersion "1"]
[SourceVersionDate "2011.08.29"]
[SourceQuality "1"]

1. d4 c5 2. d5 Nf6 3. g3 g6 4. Bg2 Bg7 5. e4 d6 6. Ne2 Nbd7 7. c4 b5 8. cxb5 a6 9. bxa6 Bxa6 10. 0-0 0-0 11. Nbc3 Ne5 12. b3 Nd3 13. Rb1 Ng4 14. Bd2 Qb6 1/2-1/2